00255nam a2200097Ia 4500008004100000100002400041245001600065245002600081260000900107856004100116160531s9999 xx 000 0 und d aLangford, Nathan K. aCircuit QED cby Nathan K. Langford c2013 uhttp://arxiv.org/pdf/1310.1897v1.pdf